000 00324nam a22001337a 4500
003 SGT
020 _a8171321291
082 _a378.106,SHA
100 _aSHARMA S.R.
245 _aFUNDING AND FINANCIAL MANAGEMENT OF WORLD HIGHER EDUCATION
260 _aJAIPUR
_bPOINTER PUBLISHARS
_c1997
300 _a290
942 _2ddc
_cBK
999 _c33667
_d33667